|
|
|
|
| LEADER |
00000cam a2200000 7i4500 |
| 001 |
0000003725 |
| 005 |
20110422.0 |
| 020 |
0 |
0 |
|a 9789675221415
|
| 090 |
0 |
0 |
|a 634.9095
|b GAN 2010
|
| 245 |
0 |
0 |
|a Timber features at FRIM
|c Gan, K.S.et. [at...]
|
| 260 |
0 |
0 |
|a Kepong, Selangor :
|b Institut Penyelidikan Perhutanan Malaysia ,
|c 2010
|
| 300 |
|
|
|a ix.116 p. :
|b col. ill. ;
|c 25cm.
|
| 650 |
0 |
0 |
|a Institut Penyelidikan Perhutanan Malaysia---History
|
| 650 |
0 |
0 |
|a Lumber trade---Malaysia.
|
| 650 |
0 |
0 |
|a Timber---Malaysia
|
| 700 |
1 |
1 |
|a Am Abdul Rashid
|
| 700 |
1 |
1 |
|a Gan, K.S
|
| 700 |
1 |
1 |
|a H.Asmar
|
| 700 |
1 |
1 |
|a Lim, S.C
|
| 700 |
1 |
1 |
|a My Mohd Nor
|
| 999 |
|
|
|a 007594
|b Monograph
|c Open Shelf
|e Default branch
|